000 00571nam a2200217 a 4500
001 BRCA_4258
005 20190320204614.0
008 150610s1902----gw-a######---#000-0#ger-#
041 _ager
044 _agw
050 4 _aPT743
_b.R48 1902
100 1 _aReuter, Frik
_910982
245 1 0 _aSämm tliche Werfe
_cFrik Reuter.
260 _aWismar, Alemania
_bGinstorssche
_c1902
300 _axxxi, 337 p.
_bil.
_c18 cm.
500 _aEstado físico: Encuadernación deteriorada
500 _aAM71
650 1 4 _aNovela alemana
_910983
902 _aGFM
942 _2lcc
_cB
999 _c3969
_d3969